000 00456nam a2200181Ia 4500
001 20346
005 20260306172759.0
008 260306t2015||||xx |||||||||||||| ||spa||
041 _aESP
082 _a343.2
_bF63
100 _aFlores Nano, Lourdes
_eAUT
245 0 _aLa economía social de mercado:
_bpasado, presente y futuro
260 _c2015
300 _a318 páginas :
_c25 cm.
650 _aGEN
654 _aCDE
942 _cLIB
_dJUS
_fJUS
_2ddc
_n
999 _c20346
_d20346